Are You Sure Hank Done it This Way? Waylon Jennings - Statistics

General Stats
  • This quiz has been taken 26 times
  • The average score is 132 of 164
Answer Stats
Answer % Correct
do
100%
I
100%
it
100%
the
100%
a
95%
done
95%
don't
95%
Hank
95%
then
95%
think
95%
this
95%
all
89%
but
89%
so
89%
sure
89%
that
89%
way
89%
way,
89%
we
89%
you
89%
and
84%
did
84%
for
84%
from
84%
got
84%
here
84%
made
84%
me
84%
Nashville
84%
old
84%
Son,
84%
will,
84%
years
84%
are
79%
been
79%
finally
79%
it's
79%
same
79%
take
79%
to
79%
tune,
79%
when
79%
where
79%
came
74%
fiddle
74%
guitar
74%
no,
74%
on
74%
one
74%
really
74%
rhinestone
74%
road
74%
ten
74%
we're
74%
at
68%
cars
68%
change
68%
my
68%
need
68%
new
68%
night
68%
now
68%
of
68%
shiny
68%
somebody
68%
stands
68%
told
68%
young
68%
away
63%
his
63%
I'll
63%
just
63%
life
63%
singing
63%
songs
63%
tell
63%
time
63%
understand
63%
back
58%
band
58%
five
58%
looking
58%
Lord
58%
Lord,
58%
makin'
58%
piece
58%
side
58%
suits
58%
with
58%
'em
53%
more
53%
speedin'
53%
world
53%
home
47%
I've
42%
seen
37%
every
32%
first
26%
No matching quizzes found
Score Distribution
Percent of People with Each Score
Percentile by Number Answered
Your Score History
You have not taken this quiz